| 000 | 00878nam a2200301 a 4500 | ||
|---|---|---|---|
| 001 | 42156 | ||
| 003 | (BD-RJUL) | ||
| 005 | 20211209053512.0 | ||
| 008 | 160609s1970 ii b 001 0 eng | ||
| 035 | _aMITb10442906 | ||
| 035 |
_a(OCoLC)00108860 _a(BD-RJUL) 42274 |
||
| 035 | _aGLIS00442906 | ||
| 040 |
_aDLC _cDLC _dm.c. _d(BD-RJUL) _beng |
||
| 041 | _aeng | ||
| 082 |
_223 _a320.954 _bBAI 1970 |
||
| 090 |
_aDS480.84 _b.B176 |
||
| 099 | _aDS480.84.B176 | ||
| 100 | 0 |
_aBaldev, _d1927- _9129643 |
|
| 245 | 1 | 0 |
_aIndia and world politics / _cBaldev |
| 260 |
_aNew Delhi : _bInternational Reporter Publications, _c[1970- |
||
| 300 |
_av. : _bill. ; _c23 cm. |
||
| 504 | _aBibliography: v. 1: p. [323]-324. | ||
| 505 | 0 | _av. 1 --- | |
| 651 | 0 |
_aIndia _xPolitics and government _y1947- _9125446 |
|
| 942 |
_2ddc _cBK |
||
| 949 |
_aMYGD _v1 |
||
| 999 |
_c42156 _d42156 |
||